00424nam a2200181 a 4500001001300000003000900013005001700022008004100039020000800080082001300088100001500101245002500116260003200141300000900173500003500182505001000217700001500227nice12345678IN_TiNIC20260116011257.0050524s0000 bosa grp 000 0 eng  ac000a190bFRA aFrankel, C aCase for Modern Man. aBostonbBeacon Press c0000 a241p aincludes index and biblioraphy2 aIndex1 aFrankel, C